• 首页
  • 本馆介绍
  • 公告通知
  • 最新文献
  • 馆藏检索
  • 电子资源
  • 读者导购
  • 参考咨询
  • 我的图书馆
  • 登录
  • 详细信息显示
  • 放入我的书架
  • 预约/预借图书
  • 作者相关作品
  • 分类相关作品
  • 丛书相关作品
  • 出版社相关作品

书目信息

  • 表格格式
  • 工作单格式
  • 卡片格式
题名:
内蒙古西部沙区荒漠灌丛植被及沙区生态建设
    
 
作者: 徐恒刚 主编
分册:  
出版信息: 北京   中国农业科学技术出版社  2005.50
页数:
开本: 32开
丛书名:
单 册:
中图分类: X321.226
科图分类:
主题词: 环境规划 , 环境管理 , 环境堡规划
电子资源:
ISBN: 7-80167-747-1
000 00666nam0 2200205 450
001 0736196517
005 20070924100316.51
010    @a7-80167-747-1@d¥22.00
100    @a20070924d km y0chiy0120 ea
101 0  @achi
200 1  @a内蒙古西部沙区荒漠灌丛植被及沙区生态建设@Anei meng gu xi bu sha qu huang mo guan cong zhi bei ji sha qu sheng tai jian she@f徐恒刚 主编@Fxu heng gang zhu bian
210    @a北京@c中国农业科学技术出版社@d2005.50
215    @d32开
606 0  @a环境规划
606 0  @a环境管理
606 0  @a环境堡规划
690    @aX321.226@v3
701  0 @a徐恒刚@Axu heng gang@4主编
801  0 @aCN@bPFT@c20070924
905    @a213230@dX321.226@eZY136@f1
    
    内蒙古西部沙区荒漠灌丛植被及沙区生态建设/徐恒刚 主编.-北京:中国农业科学技术出版社,2005.50
    32开
    
    
    ISBN 7-80167-747-1:¥22.00
    
●
相关链接 在E读中查询图书 在五车中查询图书 在当当中查询图书 在豆瓣中查询图书


正题名:内蒙古西部沙区荒漠灌丛植被及沙区生态建设     索取号:X321.226/ZY136         预约/预借

序号 登录号 条形码 馆藏地/架位号 状态 备注
1 7902294   279022941   密集书库-资源管理系/ [索取号:X321.226/ZY136] 在馆    
唐山师范学院图书馆 欢迎您!
大连网信软件有限公司© 版权所有